书目信息 |
| 题名: |
流利英语单词2000
|
|
| 作者: | 苏雅敏 编著 | |
| 分册: | ||
| 出版信息: | 北京 北京大学出版社 1998.10 |
|
| 页数: | 294页 | |
| 开本: | 32开 | |
| 丛书名: | ||
| 单 册: | ||
| 中图分类: | H313 | |
| 科图分类: | ||
| 主题词: | 英语 | |
| 电子资源: | ||
| ISBN: | 7-301-03893-3 | |
| 000 | 00540nam0 2200193 45 | |
| 001 | 0003231016 | |
| 005 | 20000729102713.0 | |
| 010 | @a7-301-03893-3@d12.00元 | |
| 100 | @a20000323d1998 km y0chiy0120 ea | |
| 101 | @achi | |
| 105 | @a z 000yy | |
| 200 | 1 | @a流利英语单词2000@ALiu Li Ying Yu Dan Ci 2000@f苏雅敏编著@FSu Ya Min Bian Zhu |
| 210 | @a北京@c北京大学出版社@d1998.10 | |
| 215 | @a294页@d32开 | |
| 606 | 0 | @a英语 |
| 690 | @aH313@v3 | |
| 701 | @a苏雅敏@4编著 | |
| 801 | @aCN@bPftUser@c20000323 | |
| 905 | @dH313@eS543@b81999-003@f5 | |
| 流利英语单词2000/苏雅敏编著.-北京:北京大学出版社,1998.10 |
| 294页;32开 |
| ISBN 7-301-03893-3:12.00元 |
| ● |
| 相关链接 |
|
|
|
正题名:流利英语单词2000
索取号:H313/S543
 
预约/预借
| 序号 | 登录号 | 条形码 | 馆藏地/架位号 | 状态 | 备注 |
| 1 | 81999 | 200819999 | 语言库209/209语言库 103排6列4层/ [索取号:H313/S543] | 在馆 | |
| 2 | 82000 | 200820004 | 自科二线504/504自科库 45排3列1层/ [索取号:H313/S543] | 在馆 | |
| 3 | 82001 | 200820013 | 自科二线504/504自科库 45排3列1层/ [索取号:H313/S543] | 在馆 | |
| 4 | 82002 | 200820022 | 语言库209/209语言库 103排6列4层/ [索取号:H313/S543] | 在馆 | |
| 5 | 82003 | 200820031 | 自科二线504/504自科库 45排5列5层/ [索取号:H313/S543] | 在馆 |